¡Que Francia explique! / (Registro nro. 30394)

Detalles MARC
000 -LEADER
campo de control de longitud fija 00593nam a2200169 i 4500
001 - NÚMERO DE CONTROL
campo de control 30394
003 - IDENTIFICADOR DE NÚMERO DE CONTROL
campo de control ES-MaACL
007 - CAMPO FIJO DE DESCRIPCIÓN FÍSICA--INFORMACIÓN GENERAL
campo de control de longitud fija t|
008 - DATOS DE LONGITUD FIJA--INFORMACIÓN GENERAL
campo de control de longitud fija 030124s1925 ag ||||1| spa d
100 1# - ENTRADA PRINCIPAL--NOMBRE DE PERSONA
Nombre de persona Bausman, Frederich.
9 (RLIN) 26615
245 10 - MENCIÓN DEL TÍTULO
Título ¡Que Francia explique! /
Mención de responsabilidad, etc. Frederich Bausman ; publicada bajo los auspicios de Friedrich Rosen con un prólogo del mismo ; traducida por Ricardo F. de Alba.
260 ## - PUBLICACIÓN, DISTRIBUCIÓN, ETC.
Lugar de publicación, distribución, etc. Buenos Aires :
Nombre del editor, distribuidor, etc. [Edit. Internacional,
Fecha de publicación, distribución, etc. 1925]
300 ## - DESCRIPCIÓN FÍSICA
Extensión 390 p. ;
Dimensiones 22 cm.
700 1# - ENTRADA AGREGADA--NOMBRE PERSONAL
Nombre de persona Rosen, Friedrich.
9 (RLIN) 99714
700 1# - ENTRADA AGREGADA--NOMBRE PERSONAL
Nombre de persona Alba, Ricardo F. de.
9 (RLIN) 19196
852 ## - LOCALIZACIÓN
Ubicación ES-MaACL
Número de control de estantería B-558
Existencias
Estatus retirado Estado de pérdida Estado de daño No para préstamo Biblioteca de origen Biblioteca actual Ubicación en estantería Fecha de adquisición Fuente de adquisición Total de préstamos Signatura topográfica completa Código de barras Visto por última vez Precio de reemplazo Tipo de ítem Koha
        Biblioteca del Ateneo de Madrid Biblioteca del Ateneo de Madrid Sala Pardo Bazán 17/01/2008     B-558 1031377 23/02/2023 23/02/2023 Libro impreso